Europe songs - Sudden Death - Statistics

General Stats
  • This quiz has been taken 9 times
  • The average score is 2 of 16
Answers on the Grid
Answers color-coded by a green-red scale on the quiz's grid according to % correct below.
The final countdown
Carrie
Rock the night
Cherokee
Open your heart
Superstitious
Tomorrow
Sign of the times
Danger on the track
Ninja
Time has come
Love chaser
Dreamer
Wings of tomorrow
Stormwind
Heart of stone
Panama
Come as you are
Welcome to the jungle
Livin' on a prayer
Wind of change
Bad medicine
Rock you like a hurricane
Sweet child o'mine
It's my life
Radio ga ga
Believe in love
Is this love
Still loving you
Johnny B.
 
Answer Stats
Answer % Correct
The final countdown
71%
Rock the night
43%
Love chaser
14%
Sign of the times
14%
Wings of tomorrow
14%
Carrie
0%
Cherokee
0%
Danger on the track
0%
Dreamer
0%
Heart of stone
0%
Ninja
0%
Open your heart
0%
Stormwind
0%
Superstitious
0%
Time has come
0%
Tomorrow
0%
No matching quizzes found
Score Distribution
Percent of People with Each Score
Percentile by Number Answered
Your Score History
You have not taken this quiz